El juicio ejecutivo. Doctrina y jurisprudencia.

Na minha lista:
Detalhes bibliográficos
Autor principal: Hidalgo Muñoz, Carlos (autor)
Formato: Desconhecido
Idioma:inglês
Publicado em: Santiago, Chile: Thomson Reuters, 2022.
Edição:Segunda edición revisada, ampliada y actualizada según la reforma de la Ley Nº21.394, que introduce modificaciones al sistema de justicia para enfrentar la situación luego del estado de excepción constitucional de catástrofe por calamidad pública.
Colecção:Colección Tratados y Manuales.
Assuntos:
Tags: Adicionar Tag
Sem tags, seja o primeiro a adicionar uma tag!

MARC

LEADER 00000 a2200000 4500
003 CL-VaPUC
005 20240801155836.0
008 220615b2022 ||||| |||| 00| 0 eng d
999 |c 436031  |d 436029 
020 |a 978-956-400-277-4 
040 |c Pontificia Universidad Católica de Valparaíso 
082 7 |a 347.8307 HID 2022  |2 22 
100 |a Hidalgo Muñoz, Carlos  |9 870736  |e autor 
245 |a  El juicio ejecutivo.  |b Doctrina y jurisprudencia. 
250 |a Segunda edición revisada, ampliada y actualizada según la reforma de la Ley Nº21.394, que introduce modificaciones al sistema de justicia para enfrentar la situación luego del estado de excepción constitucional de catástrofe por calamidad pública.  
260 |a Santiago, Chile:   |b Thomson Reuters,   |c 2022. 
300 |a 533 páginas.  
440 |a Colección Tratados y Manuales.  |9 856339 
583 |k Cristina María Rojas Aguilar  |c 20220615 
650 |a Derecho procesal civil   |9 258071 
650 0 |a Juicio ejecutivo  |9 254866 
942 |2 ddc  |c BK 
952 |0 0  |1 0  |2 ddc  |4 0  |6 347_830700000000000_HID_2022  |7 0  |8 A  |9 583743  |a BIBDER  |b BIBDER  |d 2022-06-15  |e 31  |g 0.00  |i 5651868  |l 20  |m 11  |o 347.8307 HID 2022  |p 5651868  |r 2024-12-13  |s 2024-11-22  |t 1  |v 0.00  |w 2022-06-15  |y BK  |k DER